000 00615nam a22001937a 4500
005 20251108165359.0
008 250721s1985 xx 000 0 ara d
082 1 4 _aم/922.13/زهر
100 1 _aالضاري، حارث سليمان
245 1 0 _aالإمام الزهري و أثره في السنة /
264 1 _aالموصل :
_bمكتبة بسام،
_c1985.
300 _a523ص
500 _aرسالة دكتوراه / جامعة الأزهر ؛ 1978
650 1 7 _aالحديث الشريف
650 1 7 _aرواية الحديث
650 1 7 _aالتراجم
942 _2ddc
_cREF
999 _c26530
_d26530